000 00603nam a22002057a 4500
003 0
005 20230909091129.0
008 230909b xxu||||| |||| 00| 0 eng d
020 _a978-1-64728-431-2
050 _aPN 4731
_b.L43 2023
100 _aLedger, Harmony
245 _aPrinciples of journalism
_cHarmony Ledger
260 _aForest Hills, New York
_bWillford Press
_cc2023.
300 _aviii, 238 pages :
_bcol. ill. ;
_c26 cm.
500 _aJournalism.
504 _aIncludes bibliographical references and index.
650 _aJournalism.
650 _aPress.
942 _2lcc
_cBK
999 _c365274
_d365274